000 00299nam a2200133 i 4500
001 bg
245 0 _aTechniqyes OF OPTIMIZATION.
260 _aNew York :
_bAcademic Press,
_c1972.
040 _cBPK
041 _apol
080 _a519.6
942 _cKS
008 s pl f |000 0 pol
999 _c15718
_d15718
856 _uhttp://koha.tu.koszalin.pl/cgi-bin/koha/opac-detail.pl?biblionumber=15718
_yKatalog online BPK